LEADER 00750nam a2200205 i 4500 001 000000133327 003 CaOOAMICUS 005 20050104000000.0 008 050104s1983 it u000 u ita u 013 $a106346 040 $aSeMil$bita 100 1 $aBrovelli, Franco,$d<1941- >.$0(OLS)http://semarc/name/15532 245 10$aCorso di liturgia /$cdi Franco Brovelli. 260 $a[S.l. :$bs.n.],$c1983. 300 $a95 p. :$bill. ;$c21 cm. 650 4$aLiturgia - Sussidi.$0(OLS)http://semarc/subject/1057 850 $aSeMil 852 $aSeMil$W1$xVenegono$y1$m598 128 *$j87174$B87174$CSeMilBibl$Z2$F91499 $81 996 $6245$aCorso di liturgia$9(OLS)http://semarc/title/165262 996 $6260$a[S.l. :$bs.n.]$9(OLS)http://semarc/publisher/29751 LEADER 00648nas a2200157 i 4500 001 000000030299 003 CaOOAMICUS 005 20180830125449.0 008 180830n fr u0 und u 040 $aSeMil$bita 245 10$aScience et religion. Études orientales. 260 $aParis :$bBloud & Barral,$c[18--?] 300 $av. ;$c18 cm. 774 0 $aThomas, Jean-Baptiste $tBouddhisme dans ses rapports avec le christianisme.$b4. éd.$dParis : Bloud & Barral, 1900.$w()30300 996 $6245$aScience et religion. Études orientales$9(OLS)http://semarc/title/41222 996 $6260$aParis :$bBloud & Barral$9(OLS)http://semarc/publisher/33740